Acerca de la paz y el desarme

Furkejuvvon:
Bibliográfalaš dieđut
Váldodahkki: Marinello, Juan
Materiálatiipa: Texto
Almmustuhtton: La Habana: Ediciones del I.S.E.
Fáddágilkorat: Lasit fáddágilkoriid
Eai fáddágilkorat, Lasit vuosttaš fáddágilkora!

MARC

LEADER 00000 a a2200000 04500
001 14264
003
040
090 |a 017900  
100 |a Marinello, Juan  
245 |a Acerca de la paz y el desarme  
260 |a La Habana:   |b Ediciones del I.S.E.  
300 |a 31 p.  
999 |c 12747  |d 12747